| 000 | 00668nam a2200205Ia 4500 | ||
|---|---|---|---|
| 003 | GCL | ||
| 008 | 140319s9999 xx 000 0 ara d | ||
| 040 |
_aGCL / _cGCL |
||
| 082 | 0 | 4 |
_a792.09 _bم م |
| 100 | 1 | _aمحمود اسماعيل بدر | |
| 245 | 1 | 0 |
_aمسرح الثمانينيات الاردنى : دراسة نقدية تطبيقية معاصرة ) / _cمحمود اسماعيل بدر |
| 260 |
_a[S.N] : _bوزارة الثقافة ، _c1990 |
||
| 300 | _a267 ص | ||
| 490 | _a | ||
| 650 | 0 | 4 | _aالاردن |
| 650 | 0 | 4 | _aالمسرح العربى |
| 650 | 0 | 4 | _aتاريخ ونقد |
| 650 | 0 | 4 | _aالمسرحيات العربية |
| 942 |
_2ddc _cBK |
||
| 999 |
_c35705 _d35705 |
||